000 00696nam a22001937a 4500
003 OSt
005 20160825152023.0
008 160311b xxu||||| |||| 00| 0 eng d
020 _a978-971-0391-77-6
040 _cLIC
082 _22012
_aDFil 371.26
_bB86a
100 _93678
_aBuenaflor, Roberto C.
245 _aAssessment of learning:
_bBook one: The Conventional approach (with DepEd's NCBTS and grading system)/
_cRoberto C. Buenaflor.
260 _aQuezon City:
_bGreat Books Publishing,
_c©2012.
300 _axv, 331 pages:
_billustrations;
_c23 cm.
500 _aIncludes bibliographical references and appendix.
650 0 _93679
_aEducational tests and measurement
942 _2ddc
_cDFIL
999 _c1271
_d1271